000 00475nam a2200133 a 4500
008 080109s1966 ||||||||||||||||| || u
050 _aQ 175 Con
100 _aConant, James Bryant
245 1 0 _aScience and common sense
260 _aNew Haven
_bYale University
_c1966
300 _axiii, 344p. : ill.
350 _a0.00
995 _D0.00
_FCBU-MAIN LIBRARY (Kitwe)
_H1
_I0.00
_M1
_UAVAILABLE
_ZAnnex Low-Usage Collection
999 _c57069
_d57069